00795nam a2200205 a 450000500170000000800410001704000250005804100080008304400070009111000440009824502280014226000390037030000150040965000170042465000220044165000160046365000220047966200190050171000690052020200104041552.0140317b1998 ck ||||| |||| 00| 0 spa d aCO-BoIAVHcCO-BoIAVH aspa ack aColombiabMinisterio del Medio Ambiente aCaracterización ambiental de la zona que comprende los municipios de Mecetas, La Uribe, La Macarena, Vista Hermosa y San Vicente del Caguán y sus municipios aledaños bzona de despeje para la reconciliación nacional aBogotábMinambientebIDEAMc1998 a95 paginas aClimatologia aRecursos Hidricos aEcosistemas aCobertura Vegetal aColombiabMeta aInstituto de Hidrología, Meteorología y Estudios Ambientales